Ο ρόλος της πλοιοκτησίας εις την ευθύνην του πλοιοκτήτου

Αποθηκεύτηκε σε:
Λεπτομέρειες βιβλιογραφικής εγγραφής
Κύριος συγγραφέας: Σιαμπάνης, Δημήτριος Ι.
Μορφή: Βιβλίο
Γλώσσα:Greek
Δημοσίευση: Θεσσαλονίκη ; Αθήναι : Σάκκουλα, Αφοί, 1971
Θέματα:
Ετικέτες: Προσθήκη ετικέτας
Δεν υπάρχουν, Καταχωρήστε ετικέτα πρώτοι!

MARC

LEADER 00000cam a2200000 i 4500
001 1/42097
008 070308s1971 gre d
035 |l 10087252 
040 |a GR-MY-UA  |b gre  |e aacr 
041 0 |a gre 
082 0 |a 343.096  |2 (22) 
100 1 |a Σιαμπάνης, Δημήτριος Ι. 
245 1 2 |a Ο ρόλος της πλοιοκτησίας εις την ευθύνην του πλοιοκτήτου /  |c Δημήτριος Ι. Σιαμπάνης 
260 |a Θεσσαλονίκη ; Αθήναι :   |b Σάκκουλα, Αφοί,   |c 1971 
300 |a 247 σ.;  |c 24 εκ. 
504 |a Περιλαμβάνει βιβλιογραφία 
650 0 0 |a Maritime law  |z Greece. 
650 0 0 |a Shipowners. 
650 0 0 |a Limited liability. 
852 |a INST  |b CHIOS  |e 20070308  |h 343.096 ΣΙΑ  |p 005200029031  |q 005200029031  |t BK  |y 0 
901 |a BIBL2-2007-1 
909 |a Χ  |b 130928 
970 |a ΒΑΣΙΛΑΚΗ  |b ΝΙΚΗ  |z 2007/03/08